000 01040cab a2200229 4500
001 WB2623-19
008 090401t1990 xxu||||| |||| 00| 0 eng d
035 _a(Sirsi) u75032
041 _aeng
245 _aEC restricts building surveyors
260 _c1990
350 _a0
490 _aNew Builder
_vno 37 7/6/90 p4&7
490 _aChartered Surveyor Weekly
_v31(11) 14/6/90, p104(3)
520 _aAttempts to widen opportunities for building surveyors to practice within the EC in design work, under the Architects Directive have been thwarted by rejection of their qualifications by ARCUK . It is also suggested that building surveyors within the various professional bodies such as CIOB and RICS should join together to promote common interests. The Building Surveyors European conference in May also considered the opportunities for building surveyors
650 _aEC DIRECTIVE
650 _aEUROPE
650 _aPROCUREMENT OF SERVICES DIRECTIVE
690 _aEUROPE-SINGLE MARKET
942 _n0
948 _c04/03/1997
999 _c47271
_d47271